<?xml version="1.0" encoding="UTF-8"?>
<collection xmlns="http://www.loc.gov/MARC21/slim">
 <record>
  <leader>01412nam a22002415  4500</leader>
  <controlfield tag="001">1/46326</controlfield>
  <controlfield tag="008">160525s2002    gr            0011  gre d</controlfield>
  <datafield tag="020" ind1=" " ind2=" ">
   <subfield code="a">9601507396</subfield>
  </datafield>
  <datafield tag="035" ind1=" " ind2=" ">
   <subfield code="l">49301</subfield>
  </datafield>
  <datafield tag="040" ind1=" " ind2=" ">
   <subfield code="a">GR-PeUP</subfield>
  </datafield>
  <datafield tag="082" ind1="0" ind2="0">
   <subfield code="a">327.495 ΜΕΛ</subfield>
  </datafield>
  <datafield tag="110" ind1="2" ind2=" ">
   <subfield code="a">Ελληνικό Κέντρο Ευρωπαϊκών Μελετών.</subfield>
  </datafield>
  <datafield tag="245" ind1="1" ind2="3">
   <subfield code="a">Το μέλλον της ευρώπης και η Ελλάδα (Ζάππειο Μέγαρο, 11 Ιουλίου 2001) /</subfield>
   <subfield code="c">Ελληνικό Κέντρο Ευρωπαϊκών Μελετών ; Π. Κ. Ιωακειμίδης (επιμέλεια).</subfield>
  </datafield>
  <datafield tag="246" ind1="3" ind2=" ">
   <subfield code="a">Ημερίδα του Ελληνικού Κέντρου Ευρωπαϊκών Μελετών (2001 : Ζάππειο, Ελλάδα).</subfield>
  </datafield>
  <datafield tag="260" ind1=" " ind2=" ">
   <subfield code="a">Αθήνα, Κομοτηνή :</subfield>
   <subfield code="b">Αντ. Ν. Σάκκουλας,</subfield>
   <subfield code="c">2002.</subfield>
  </datafield>
  <datafield tag="300" ind1=" " ind2=" ">
   <subfield code="a">220 σ. ;</subfield>
   <subfield code="c">24 εκ.</subfield>
  </datafield>
  <datafield tag="500" ind1=" " ind2=" ">
   <subfield code="a">Περιέχει σημειώσεις.</subfield>
  </datafield>
  <datafield tag="610" ind1="2" ind2="4">
   <subfield code="a">Ευρωπαϊκή Ένωση</subfield>
   <subfield code="x">Σχέσεις</subfield>
   <subfield code="z">Ελλάδα..</subfield>
  </datafield>
  <datafield tag="610" ind1="2" ind2="0">
   <subfield code="a">European Union</subfield>
   <subfield code="x">Relations</subfield>
   <subfield code="z">Greece..</subfield>
  </datafield>
  <datafield tag="651" ind1=" " ind2="4">
   <subfield code="a">Ελλάδα</subfield>
   <subfield code="x">Εξωτερικές σχέσεις</subfield>
   <subfield code="x">Ευρωπαϊκή Ένωση.</subfield>
  </datafield>
  <datafield tag="651" ind1=" " ind2="0">
   <subfield code="a">Greece</subfield>
   <subfield code="x">Foreign relations</subfield>
   <subfield code="y">European Union countries.</subfield>
  </datafield>
  <datafield tag="700" ind1="1" ind2=" ">
   <subfield code="a">Ιωακειμίδης, Παναγιώτης Κ.</subfield>
  </datafield>
  <datafield tag="852" ind1=" " ind2=" ">
   <subfield code="a">INST</subfield>
   <subfield code="b">UNIPILB</subfield>
   <subfield code="c">MAIN</subfield>
   <subfield code="e">20160525</subfield>
   <subfield code="h">327.495 ΜΕΛ</subfield>
   <subfield code="p">00175056</subfield>
   <subfield code="q">00175056</subfield>
   <subfield code="t">LOAN</subfield>
   <subfield code="y">0</subfield>
   <subfield code="4">1</subfield>
  </datafield>
 </record>
</collection>
